[Event "Oldie Clash (2h/40)"]
[Site "Hannover"]
[Date "2016.11.28"]
[Round "13"]
[White "Krypton Regency"]
[Black "Mephisto Rebell 5.0"]
[Result "1-0"]
[WhiteElo "1817"]
[BlackElo "1893"]
[EventDate "2013.06.21"]

1.c4 c5 2.Nc3 Nc6 3.Nf3 Nf6 4.d4 cxd4 5.Nxd4 e6 {Letzter Buchzug Schwarz} 
6.a3 {Letzter Buchzug Weiss} 6...d5 7.cxd5 exd5 8.Bg5 Be7 9.e3 O-O 10.Bb5 
Bg4 11.Qa4 Nxd4 12.Qxd4 Be6 13.O-O a6 14.Bd3 Rc8 15.Rad1 h6 16.Bh4 Qa5 17.
Rd2 b6 18.Rc1 Rfd8 19.Rdc2 b5 20.h3 Bc5 21.Qf4 Bd6 22.Qf3 Be5 23.Kh1 g5 
24.Bg3 g4 25.Qe2 Bxc3 ( {[Komodo 8 64-bit ] 20:+0.00} 25...Bxg3 26.fxg3 
Kg7 27.Kh2 gxh3 28.gxh3 Qb6 29.Rf1 d4 30.exd4 Bb3 31.Rd2 Rxd4 32.Qf3 Bc4 
33.Rdd1 Bb3 34.Rd2 ) 26.Rxc3 Rxc3 27.Rxc3 Rc8 28.Rxc8+ Bxc8 29.Be5 Qd8 30.
Qc2 Ne4 31.hxg4 Bxg4 32.Bxe4 dxe4 33.Qxe4 Be6 34.Qd4 Qxd4 35.exd4 Bd5 36.
Kh2 Kh7 37.Kg3 Kg6 38.f3 f6 39.Bd6 Kf7 40.Kg4 Bb3 41.Kh5 Kg7 42.Bf4 Bf7+ 
43.Kg4 Be6+ 44.Kg3 a5 45.Bd2 a4 46.Kf4 Bd5 47.Kf5 h5 48.Be1 Bf7 49.Bh4 
Bg6+ 50.Ke6 Bf7+ 51.Kd6 Bc4 52.d5 Kf7 53.Kc6 b4 54.axb4 Bb3 55.d6 Be6 56.
b5 a3 57.bxa3 Bc4 58.d7 Ke7 59.Kc7 Kf7 60.d8=Q f5 61.Qf6+ Kg8 62.b6 Bd5 
63.Qd8+ Kg7 64.Qxd5 1-0

[Event "Oldie Clash (2h/40)"]
[Site "Hannover"]
[Date "2016.12.02"]
[Round "13"]
[White "Novag Super Forte A"]
[Black "Mephisto Monte Carlo IV"]
[Result "1-0"]
[WhiteElo "1963"]
[BlackElo "1921"]
[EventDate "2013.06.21"]

1.e4 e5 2.f4 Qh4+ 3.g3 Qe7 4.fxe5 d6 5.Nc3 dxe5 6.d3 {Letzter Buchzug 
Weiss} 6...Nf6 {Letzter Buchzug Schwarz} 7.Bg2 Bg4 8.Nf3 Nbd7 9.h3 Bh5 10.
Be3 Qb4 11.Qd2 Bc5 12.Bxc5 Qxc5 13.Nh4 O-O-O 14.Nf5 Rhg8 15.Na4 Qf8 16.O-O
Nc5 17.Nxc5 Qxc5+ 18.Kh1 Rd7 19.a4 Bg6 20.b4 Qc6 21.Qe3 Kb8 22.c4 h5 23.c5
Qe6 24.b5 Qb3 25.b6 Qxd3 26.bxa7+ Kxa7 27.Qg1 Bxf5 28.c6+ Rd4 29.exf5 bxc6
30.Rf3 Qc4 31.Re3 Qc5 32.Rc1 Qb6 33.a5 Qb4 34.Rxe5 Rd8 35.Bxc6 Qa3 36.Rc4 
Qd3 37.Rb4 Qd1 38.Rb7+ Ka6 39.Rxc7 Qxg1+ 40.Kxg1 Rd1+ 41.Kh2 R1d2+ 42.Bg2 
R8d7 43.Rc6+ Ka7 44.Rec5 Ra2 45.Rc8 Rb7 46.R5c7 Ne4 47.Rxb7+ Kxb7 48.Re8 
Rxg2+ 49.Kxg2 Nd6 50.Rh8 f6 51.Kf3 Ka6 52.Rxh5 Kxa5 53.g4 Nf7 54.h4 Nh6 
55.Rxh6 gxh6 56.g5 hxg5 57.hxg5 fxg5 58.f6 Kb4 59.f7 Kc4 60.f8=Q 1-0

[Event "Oldie Clash (2h/40)"]
[Site "Hannover"]
[Date "2016.12.03"]
[Round "13"]
[White "Fidelity Par Excellence"]
[Black "Fidelity Elite A/S Budapest"]
[Result "1-0"]
[WhiteElo "1911"]
[BlackElo "1706"]
[EventDate "2013.06.21"]

1.d4 d5 2.Nf3 Nf6 3.Bg5 g6 4.e3 Bg7 5.Nbd2 O-O 6.Bd3 c5 7.c3 Nbd7 {Letzter
Buchzug Schwarz} 8.O-O {Letzter Buchzug Weiss} 8...c4 9.Be2 Nb6 10.Ne5 Be6
11.Bf4 Rc8 12.b3 Nfd7 13.bxc4 dxc4 14.Nxd7 Qxd7 15.Qc2 Nd5 16.Bg3 Nf6 17.
e4 b5 18.h3 Bh6 19.f4 b4 20.d5 Bxh3 21.Nxc4 Bxg2 22.Kxg2 bxc3 23.Ne5 Qd6 
24.Nc6 Qd7 25.Qxc3 Bg7 26.Qb4 Rfe8 27.Ne5 Qc7 28.Bb5 Qb7 29.a3 Rc2+ 30.Bf2
Rec8 31.Bd3 Qxb4 32.axb4 Rd2 33.Rxa7 Nxd5 34.exd5 Bxe5 35.fxe5 Rxd3 36.Rd7
Rc2 37.b5 h5 38.b6 Rb2 39.b7 Rdb3 40.Rxe7 Rxb7 41.d6 Kf8 42.Rxb7 Rxb7 43.
Rd1 Ke8 44.Bh4 Kd7 45.Ra1 Rb2+ 46.Kf3 Rb3+ 47.Ke2 Ke6 48.Ra7 Rb2+ 49.Kd3 
Rb3+ 50.Kc4 Rb8 51.d7 Kf5 52.Rc7 Ke6 53.Rc8 Kxd7 54.Rxb8 Ke6 55.Kd4 Kd7 
56.Rd8+ Kc6 57.Rf8 Kb6 58.Rxf7 g5 59.Bxg5 1-0

[Event "Oldie Clash (2h/40)"]
[Site "Hannover"]
[Date "2016.12.08"]
[Round "13"]
[White "Saitek Simultano C"]
[Black "Fidelity Excellence 3MHz"]
[Result "1-0"]
[WhiteElo "1849"]
[BlackElo "1843"]
[EventDate "2013.06.21"]

1.e4 c5 2.c3 Nf6 3.e5 Nd5 4.d4 cxd4 5.Qxd4 e6 6.Nf3 Nc6 7.Qe4 d6 8.Nbd2 
dxe5 {Letzter Buchzug Schwarz} 9.Nxe5 Nxe5 10.Qxe5 Bd7 11.Nf3 {Letzter 
Buchzug Weiss} 11...f6 12.Qh5+ g6 13.Qh4 g5 14.Nxg5 fxg5 15.Bxg5 Be7 16.
Qh5+ Kf8 17.Bh6+ Kg8 18.Qg4+ Bg5 19.Bxg5 Qe8 20.Bf6+ Qg6 21.Qxg6+ hxg6 22.
Bxh8 Kxh8 23.c4 Nf4 24.Kd2 Bc6 25.f3 b6 26.Ke3 e5 27.Rd1 Kg7 28.Rd6 Ba4 
29.b3 Be8 30.Ke4 Bf7 31.c5 bxc5 32.Kxe5 Ne2 33.Rd7 a5 34.Kd6 Nc3 35.Bc4 
Rf8 36.Kxc5 Kf6 37.Rxf7+ Rxf7 38.Bxf7 Kxf7 39.Kc4 Nxa2 40.Ra1 Nb4 41.Rxa5 
Nc2 42.Ra2 Ne3+ 43.Kd4 Nf5+ 44.Kc5 Ng7 45.Ra7+ Kf8 46.Kd6 Nf5+ 47.Ke6 Kg8 
48.Kf6 Nd4 49.Rg7+ Kh8 50.Kxg6 Ne6 51.Rf7 Kg8 52.f4 Nd4 53.b4 Ne6 54.b5 
Nd8 55.Re7 Kf8 56.Kf6 Nb7 57.Rxb7 Ke8 58.b6 Kd8 59.Rc7 Ke8 60.b7 Kf8 61.
b8=R# 1-0

[Event "Oldie Clash (2h/40)"]
[Site "Hannover"]
[Date "2016.12.11"]
[Round "13"]
[White "Mephisto Mega IV"]
[Black "Mephisto Modena"]
[Result "1-0"]
[WhiteElo "1907"]
[BlackElo "1916"]
[EventDate "2013.06.21"]

1.c4 e5 2.Nc3 Nf6 3.Nf3 Nc6 4.g3 Bb4 5.Bg2 O-O 6.O-O e4 {Letzter Buchzug 
Schwarz} 7.Ne1 {Letzter Buchzug Weiss} 7...Re8 8.Nc2 Ba5 9.d4 exd3 10.exd3
d6 11.Be3 Bg4 12.Qd2 Qd7 13.Nd4 a6 14.Nxc6 bxc6 15.Bd4 Nh5 16.Qg5 Bxc3 17.
bxc3 f6 18.Qa5 Re7 19.Rae1 Be2 20.Rxe2 Rxe2 21.Qxh5 Rxa2 22.Bd5+ Kf8 23.
Qxh7 cxd5 24.Qh8+ Kf7 25.Qxa8 dxc4 26.Re1 c6 27.dxc4 a5 28.c5 ( {[Komodo 8
64-bit ] 22:+11.13} 28.Rb1 c5 29.Rb7 Qxb7 30.Qxb7+ Ke6 31.Be3 g5 32.Qb8 
Ra1+ 33.Kg2 Kd7 34.Qb7+ Ke6 35.Qc6 Ke7 36.Qc7+ Ke6 37.Qd8 g4 38.Qe8+ Kf5 
39.Qd7+ Kg6 40.Qxg4+ Kh7 41.Qd7+ Kg6 42.Qxd6 Ra2 43.Qd3+ Kg7 44.Qd7+ Kg6 
45.Bxc5 a4 46.Qg4+ Kf7 ) 28...d5 29.Qh8 Kg6 30.Kg2 Rb2 31.h4 a4 32.Re8 a3 
33.h5+ Kg5 {Schwarz gibt auf.} 34.h6 Qxe8 35.Qxe8 Kxh6 36.Qxc6 Kg6 37.c4 
Rb4 38.Qe8+ Kh6 39.g4 Kh7 40.c6 Rxc4 41.Qh5+ Kg8 42.Qxd5+ Kh7 43.Qxc4 a2 
44.Qxa2 Kh6 45.Qf7 g6 46.Bxf6 g5 47.Qg7# 1-0

[Event "Oldie Clash (2h/40)"]
[Site "Hannover"]
[Date "2016.12.18"]
[Round "13"]
[White "Mephisto B&P"]
[Black "SciSys Turbostar 432 KSO"]
[Result "0-1"]
[WhiteElo "1757"]
[BlackElo "1825"]
[EventDate "2013.06.21"]

1.e4 c5 {Letzter Buchzug Schwarz} 2.d3 {Letzter Buchzug Weiss} 2...d6 3.
Nc3 Nc6 4.Be3 Nf6 5.Be2 Qb6 6.Nd5 Nxd5 7.exd5 Nd4 8.c3 Nxe2 9.Qxe2 e6 10.
Bg5 h6 11.Bh4 g5 12.Bg3 Bg7 13.h4 O-O 14.hxg5 hxg5 15.Nh3 g4 16.Nf4 e5 17.
Nh5 Bf5 18.Nxg7 Kxg7 19.Qe3 Rh8 20.Rxh8 Rxh8 21.O-O-O Rh5 22.f3 Qa5 23.Kb1
c4 24.fxg4 Bxg4 25.Rg1 cxd3 26.Qe4 f5 27.Qc4 d2 28.Qd3 f4 29.Ka1 Qc5 30.
Rb1 d1=Q 31.Rxd1 Bxd1 32.Qxd1 fxg3 33.Qg4+ Kf8 34.Qf3+ Ke7 35.a3 Rh4 36.
Kb1 Qf2 37.Qd3 Qxg2 38.Ka2 Qe4 39.Qxg3 Qxd5+ 40.c4 Qxc4+ 41.Qb3 Qxb3+ 0-1

[Event "Oldie Clash (2h/40)"]
[Site "Hannover"]
[Date "2016.12.19"]
[Round "13"]
[White "Mephisto MM IV"]
[Black "Mephisto Monte Carlo I"]
[Result "1-0"]
[WhiteElo "1967"]
[BlackElo "1888"]
[EventDate "2013.06.21"]

1.c4 e5 2.Nc3 Nf6 3.Nf3 Nc6 4.g3 Bb4 5.Bg2 O-O 6.O-O e4 7.Ng5 Bxc3 8.bxc3 
Re8 {Letzter Buchzug Schwarz} 9.d3 {Letzter Buchzug Weiss} 9...exd3 10.
exd3 h6 11.Ne4 d6 12.Bf4 Nxe4 13.Bxe4 Ne5 14.Qc2 c6 15.Rfb1 Qe7 16.Re1 Bh3
17.Qd2 Be6 18.c5 d5 19.Bxe5 dxe4 20.Bd6 Qf6 21.Rxe4 Bd5 22.Rf4 Qd8 23.c4 
Be6 24.Re1 Rc8 25.Rfe4 Qd7 26.Qe2 a6 27.f4 g6 28.d4 Red8 29.f5 gxf5 30.Rh4
f4 31.Qh5 fxg3 32.Qxh6 f5 33.Qh8+ Kf7 34.Qh7+ Kf6 35.Rh6+ Kg5 36.Rg6# 1-0

[Event "Oldie Clash (2h/40)"]
[Site "Hannover"]
[Date "2016.12.20"]
[Round "14"]
[White "Mephisto Rebell 5.0"]
[Black "Mephisto Monte Carlo I"]
[Result "1-0"]
[WhiteElo "1893"]
[BlackElo "1888"]
[EventDate "2013.06.21"]

1.Nf3 Nf6 2.d4 e6 3.c4 d5 4.Nc3 Be7 5.Bf4 O-O 6.e3 c5 7.dxc5 {Letzter 
Buchzug Weiss} 7...Bxc5 {Letzter Buchzug Schwarz} 8.Bd3 dxc4 9.Bxc4 Nc6 
10.O-O Qe7 11.Ne5 Rd8 12.Qe2 Bd7 13.Nxd7 Nxd7 14.Ne4 Nce5 15.Bb5 Ng6 16.
Bc7 Rdc8 17.Bg3 Nde5 18.Qh5 a6 19.Bxa6 Rxa6 20.Bxe5 Nxe5 21.Qxe5 f6 22.Qh5
Bb6 23.Qb5 f5 24.Ng3 Bc5 25.Rac1 Rac6 26.Rc3 Rd8 27.Rfc1 Rd5 28.Qb3 Qc7 
29.Ne2 Bd6 30.Nf4 ( {[Komodo 8 64-bit ] 21:+1.36} 30.Rxc6 bxc6 31.Nc3 Re5 
32.Qc4 Qe7 33.Qxc6 Rc5 34.Qa4 Be5 35.g3 h6 36.Qb4 Qc7 37.a4 Bf6 38.Rc2 Be7
39.e4 Kh7 40.exf5 exf5 41.Qf4 Qc6 42.h4 Bd6 43.Qe3 ) 30...Bxf4 31.exf4 
Rxc3 32.Rxc3 Qd7 ( {[Komodo 8 64-bit ] 22:+0.16} 32...Qxf4 33.g3 Qb8 34.
Qb6 Rd6 35.Qc7 Qxc7 36.Rxc7 b5 37.Rb7 Rd5 38.Kg2 h6 39.h4 e5 40.b3 e4 41.
a4 bxa4 42.bxa4 Ra5 43.Rb5 Rxa4 44.Rxf5 Kh7 45.h5 Kg8 46.Rb5 ) 33.Rc1 ( {
[Komodo 8 64-bit ] 21:+0.73} 33.h3 h6 34.a4 Rd1+ 35.Kh2 Rd4 36.Re3 Qd5 37.
g3 Kf7 38.Qxd5 exd5 39.Re5 Kf6 40.Kg2 g5 41.b3 Rd2 42.a5 gxf4 43.gxf4 h5 
44.b4 h4 45.Kf3 Rb2 46.Rxd5 ) 33...Rd3 34.Qc2 Kf7 ( {[Komodo 8 64-bit ] 
28:+0.00} 34...Rd2 35.Qb3 Rd3 ) 35.h3 Qd5 36.Qc8 Kf6 37.Qf8+ Kg6 38.Rc7 
Rd1+ 39.Kh2 Qd4 40.Qe8+ Kh6 41.Qxe6+ g6 42.Qe5 b5 43.Rb7 Qxe5 44.fxe5 Rd2 
45.Rxb5 Rxf2 46.a4 Rd2 47.b4 f4 48.Kg1 Kg5 49.a5 Kf5 50.a6 Rd1+ 51.Kh2 f3 
52.gxf3 Kf4 53.a7 Rd2+ 54.Kg1 Rd1+ 55.Kf2 Rd8 56.Rb8 Rd2+ 57.Ke1 Ra2 58.
a8=Q Rxa8 59.Rxa8 1-0

[Event "Oldie Clash (2h/40)"]
[Site "Hannover"]
[Date "2016.12.22"]
[Round "14"]
[White "SciSys Turbostar 432 KSO"]
[Black "Mephisto MM IV"]
[Result "0-1"]
[WhiteElo "1825"]
[BlackElo "1967"]
[EventDate "2013.06.21"]

1.d4 d5 2.c4 c6 3.Nc3 dxc4 4.e4 e5 5.Nf3 exd4 6.Qxd4 Qxd4 7.Nxd4 Nf6 8.f3 
{Letzter Buchzug Weiss} 8...Bc5 {Letzter Buchzug Schwarz} 9.Be3 Bxd4 10.
Bxd4 Be6 11.O-O-O Nbd7 12.Be2 O-O 13.f4 g6 14.f5 gxf5 15.exf5 Bd5 16.Nxd5 
cxd5 17.Bc3 Rfc8 18.Bf3 Rc5 19.a4 Re8 20.Kb1 Ne5 21.Bb4 Rc7 22.Bc3 Rd7 23.
Bd4 Rd6 24.Rhg1 b6 25.Rde1 Nxf3 26.gxf3+ Kf8 27.Kc2 Rxe1 28.Rxe1 Nd7 29.
Rg1 Nc5 30.Bxc5 bxc5 31.Re1 d4 32.Re5 Rc6 33.h3 Kg7 34.a5 Kf6 35.f4 Rc7 
36.Rd5 a6 37.Re5 Rc6 38.Kd2 Rc8 39.Kc2 Rc7 40.Rd5 h5 41.Re5 Rc8 42.h4 Rc7 
43.Rd5 Rc6 44.Kd1 Rc8 45.Kc1 d3 46.Rd6+ Kxf5 47.Rxa6 Kxf4 48.Ra7 f5 49.Rb7
Kg4 50.Kd2 f4 51.Rd7 Kxh4 52.Kc3 f3 53.Rg7 Ra8 54.Rf7 Kg3 55.Rg7+ Kh3 56.
Rf7 Kg4 57.Rg7+ Kf4 58.Rf7+ Ke3 59.Re7+ Kf2 60.Re5 Rf8 61.Rxh5 Ke2 62.Re5+
Kd1 63.Rh5 f2 64.Rh1+ f1=Q 65.Rxf1+ Rxf1 66.Kxc4 d2 67.Kxc5 Kc2 68.b4 d1=Q
69.Kc6 Rf6+ 70.Kc7 Qd6+ 71.Kc8 Qf8+ 72.Kc7 Qe7+ 73.Kc8 Rf8# 0-1

[Event "Oldie Clash (2h/40)"]
[Site "Hannover"]
[Date "2016.12.30"]
[Round "14"]
[White "Mephisto Modena"]
[Black "Saitek Turbo King B (EGR)"]
[Result "1/2-1/2"]
[WhiteElo "1916"]
[BlackElo "1849"]
[EventDate "2013.06.21"]

1.e4 e5 2.f4 exf4 3.Nf3 d5 4.exd5 Nf6 5.Bb5+ c6 6.dxc6 Nxc6 7.d4 Bd6 8.O-O
O-O 9.Nbd2 Bg4 10.Nc4 {Letzter Buchzug Weiss} 10...Bc7 11.Bxc6 bxc6 {
Letzter Buchzug Schwarz} 12.Qd3 Re8 13.Bd2 Ne4 14.Rae1 Bf5 15.Qb3 Qd5 16.
c3 Nxd2 17.Ncxd2 Qxb3 18.Nxb3 Bd3 19.Rxe8+ Rxe8 20.Re1 Rxe1+ 21.Nxe1 Bb1 
22.a4 Kf8 23.Nc5 Bd6 24.Nf3 Ke7 25.Nd2 Bxc5 26.Nxb1 Bd6 27.Nd2 Ke6 28.Nc4 
Bc7 29.Nd2 Kd5 30.Kf2 h6 31.Ke2 f6 32.Kd3 f5 33.c4+ Kd6 34.b4 g6 35.Nf3 
Ke6 36.h4 a6 37.Kc3 Bd6 38.c5 Bb8 39.Kc4 Bc7 40.b5 axb5+ 41.axb5 cxb5+ 42.
Kxb5 Kd5 43.c6 h5 44.Ng5 Bd8 45.Nf7 Bc7 46.Ne5 Kxd4 47.Nxg6 Kd5 48.Nh8 Kd6
49.Nf7+ Ke7 50.Ng5 Kd6 51.Nh3 Kd5 52.Ng1 Bd8 53.Nf3 Bc7 54.Nd2 Bd8 55.Nb3 
Bc7 56.Nc1 Bd8 57.Nd3 Ke4 58.Nc5+ Kd5 59.Na4 Kd6 60.Nb2 Bxh4 61.Nc4+ Kc7 
62.Ne5 Be7 63.Nf3 Bf6 64.Kc5 Be7+ 65.Kd5 Bf6 66.Ng1 Bb2 67.Ne2 f3 68.gxf3 
h4 69.Nf4 Bc1 70.Nh3 Bd2 71.f4 Bc3 72.Ke6 Kxc6 73.Kxf5 Kd5 74.Kg6 Kd6 75.
f5 Ke7 76.Nf4 Kd7 77.f6 Bxf6 78.Kxf6 h3 79.Nxh3 1/2-1/2

[Event "Oldie Clash (2h/40)"]
[Site "Hannover"]
[Date "2016.12.31"]
[Round "14"]
[White "Fidelity Excellence 3MHz"]
[Black "Mephisto Mega IV"]
[Result "0-1"]
[WhiteElo "1843"]
[BlackElo "1907"]
[EventDate "2013.06.21"]

1.e4 e5 2.Nf3 Nf6 3.d4 Nxe4 4.Bd3 {Letzter Buchzug Weiss} 4...d5 5.Nxe5 
Bd6 {Letzter Buchzug Schwarz} 6.Qe2 Bxe5 7.dxe5 Nc5 8.Nc3 O-O 9.O-O Nc6 
10.Bf4 Nxd3 11.cxd3 Nd4 12.Qh5 Bf5 13.Be3 Bg6 14.Qh3 Nc2 15.Bc5 Nxa1 16.
Bxf8 d4 17.Ne2 Qxf8 18.Rxa1 Qc5 19.f4 Qb4 20.Kf2 Qxb2 21.Rc1 Re8 22.Rxc7 
Qxa2 23.Rxb7 Qd2 24.Qd7 Rf8 25.Qxd4 a6 26.e6 Qxd3 27.Qxd3 Bxd3 28.e7 Re8 
29.Ke3 Bxe2 30.Kxe2 f5 31.Kd3 Kf7 32.Rb6 Ra8 33.Rb7 a5 34.Kc4 Re8 35.Kb5 
Rxe7 36.Rxe7+ Kxe7 37.Kxa5 Ke6 38.Kb6 Kd5 39.g3 h6 40.Kb5 g5 41.fxg5 hxg5 
42.Kb4 Kd4 ( {[Komodo 8 64-bit ] 25:-250.00} 42...Ke4 43.Kc3 Ke3 44.g4 
fxg4 45.Kb4 Kf2 46.Kc5 Kg2 47.Kd6 Kxh2 48.Ke6 g3 49.Kf5 g2 50.Kxg5 Kg3 51.
Kg6 g1=Q 52.Kf6 Qd4+ 53.Kf5 Qc5+ 54.Ke4 Kf2 55.Kf4 Kg2 56.Ke4 Kg3 57.Kd3 
Kf3 58.Kd2 Kg3 ) 43.Kb3 ( {[Komodo 8 64-bit ] 25:+0.00} 43.h4 f4 44.h5 
fxg3 45.h6 g2 46.h7 g1=Q 47.h8=Q+ Ke4 48.Qh7+ Kf4 49.Qc7+ Kf3 50.Qf7+ Kg4 
51.Qd7+ Kf4 52.Qf7+ Kg3 53.Qc7+ Kh4 54.Qh7+ Kg3 55.Qd3+ Kf4 56.Qc4+ Kg3 
57.Qc7+ ) 43...Ke4 44.Kc3 f4 ( {[Komodo 8 64-bit ] 27:-250.00} 44...g4 45.
Kc2 Kf3 46.Kd2 Kg2 47.Ke3 Kxh2 48.Kf4 Kg2 49.Kxf5 Kxg3 50.Ke4 Kf2 51.Kf4 
g3 52.Ke4 g2 53.Kf5 Kf3 54.Kf6 g1=Q 55.Kf7 Kf4 56.Ke6 Qg6+ 57.Kd5 Ke3 58.
Ke5 Kf3 59.Kd4 Qe4+ 60.Kc3 Qb7 ) 45.gxf4 gxf4 46.h4 ( {[Komodo 8 64-bit ] 
26:+0.00} 46.Kd2 f3 47.h4 f2 48.Ke2 Kf5 49.Kxf2 Kg4 50.Kg2 Kxh4 51.Kh2 Kg4
52.Kg2 Kh4 ) 46...Ke3 47.h5 f3 48.h6 f2 49.h7 f1=Q 50.h8=Q Qa1+ 51.Kc4 
Qxh8 0-1

[Event "Oldie Clash (2h/40)"]
[Site "Hannover"]
[Date "2016.12.31"]
[Round "14"]
[White "Fidelity Elite A/S Budapest"]
[Black "Saitek Simultano C"]
[Result "1/2-1/2"]
[WhiteElo "1706"]
[BlackElo "1849"]
[EventDate "2013.06.21"]

1.d4 d5 2.c4 e6 3.Nc3 c5 4.cxd5 exd5 5.Nf3 Nc6 6.g3 Nf6 7.Bg2 Be7 8.O-O 
O-O 9.Bg5 {Letzter Buchzug Weiss} 9...cxd4 10.Nxd4 Re8 {Letzter Buchzug 
Schwarz} 11.Qd3 Qb6 12.Be3 Nb4 13.Qd2 Rd8 14.Nf5 Bc5 15.Ne7+ Kf8 16.Ncxd5 
Nfxd5 17.Nxd5 Nxd5 18.Bxc5+ Qxc5 19.e4 Be6 20.exd5 Bxd5 21.Rfc1 Bc4 ( {
[Komodo 8 64-bit ] 23:+0.40} 21...Qb5 22.a4 Qb3 23.Ra3 Be6 24.Rxb3 Rxd2 
25.Rxb7 Rad8 26.Bf3 R2d3 27.Bc6 R3d6 28.Rb5 Rc8 29.Rbc5 Rb8 30.R1c2 g6 31.
Bb5 Bb3 32.Rc1 a6 33.Rc6 Rxc6 34.Bxc6 Rb4 35.f4 Bxa4 36.Bxa4 Rxa4 37.Kg2 
Rb4 ) 22.Qc3 ( {[Komodo 8 64-bit ] 23:+2.95} 22.Qc2 Qb5 23.Qxh7 f5 24.Bf1 
Bxf1 25.Qh8+ Kf7 26.Rc7+ Rd7 27.Rxd7+ Qxd7 28.Qxa8 Bh3 29.Rc1 Kg6 30.Re1 
f4 31.Qe8+ Qxe8 32.Rxe8 fxg3 33.fxg3 Bd7 34.Rd8 Bc6 35.Kf2 Kf5 36.h4 a6 
37.Rd6 Be4 38.Rd7 g6 39.Ke3 Ke6 ) 22...Qb5 23.a4 Qb3 24.Qxb3 Bxb3 25.Bxb7 
Rab8 26.Rc7 Rd2 27.Be4 a6 28.Rc6 Be6 29.b3 Rxb3 30.Rxa6 Rbb2 31.Ra8+ Ke7 
32.Ra7+ Kf6 33.Rb7 Rxf2 ( {[Komodo 8 64-bit ] 23:+0.23} 33...Ra2 34.Rxa2 
Rxa2 35.Bc6 Ke5 36.Rb1 h6 37.h4 Kd6 38.Rc1 Bb3 39.Bb5 Bd5 40.Rd1 Kc5 41.
Rb1 f6 42.Rc1+ Kd6 43.Rd1 Kc5 44.Rb1 Bf3 45.Kf1 g5 46.Rc1+ Kb6 47.hxg5 ) 
34.Rxb2 Rxb2 35.Rf1+ ( {[Komodo 8 64-bit ] 26:+1.76} 35.a5 Ke5 36.Bf3 Bc4 
37.a6 Bxa6 38.Rxa6 f5 39.Ra8 Kf6 40.Rf8+ Ke6 41.Rh8 h6 42.Be2 Rb6 43.Kf2 
Ke5 44.Rc8 Kf6 45.Rd8 g5 46.Rd5 f4 47.gxf4 gxf4 48.Kf3 Rb2 49.Rh5 Kg6 50.
Ra5 ) 35...Ke7 36.Rf2 Rb4 37.Bc2 h6 38.a5 Rb5 39.a6 Ra5 40.Bd3 Bc8 41.Bc4 
f6 42.Re2+ Kf8 43.Rd2 Ra1+ 44.Kf2 Ke7 45.Re2+ Kf8 46.Rd2 Ke7 47.Re2+ Kd8 
48.Rd2+ Kc7 49.Re2 Kd8 50.Rd2+ Kc7 51.Re2 Kd8 1/2-1/2

[Event "Oldie Clash (2h/40)"]
[Site "Hannover"]
[Date "2016.12.31"]
[Round "14"]
[White "Mephisto Monte Carlo IV"]
[Black "Fidelity Par Excellence"]
[Result "1-0"]
[WhiteElo "1921"]
[BlackElo "1911"]
[EventDate "2013.06.21"]

1.d4 d5 2.c4 c6 3.cxd5 cxd5 4.Nf3 Nf6 5.Nc3 Nc6 6.Bf4 Bf5 7.e3 e6 8.Bb5 
Nd7 9.Qa4 Qb6 10.Nh4 Bg6 11.Nxg6 hxg6 12.e4 {Letzter Buchzug Weiss} 12...
Nf6 13.exd5 exd5 14.O-O Be7 15.Rfe1 Kf8 {Letzter Buchzug Schwarz} 16.Rad1 
a6 17.Bxc6 bxc6 18.Qc2 Re8 19.Na4 Qb7 20.Rc1 Rc8 21.Nc5 Bxc5 22.Qxc5+ Kg8 
23.Qa3 Qb6 24.Re7 Qxd4 25.Qxa6 Kh7 26.Be5 Qd2 27.Rb1 Ng4 28.Bg3 Qc2 29.Qf1
Kg8 30.Qd1 Qxd1+ 31.Rxd1 Nh6 32.a4 Nf5 33.Rc7 Rxc7 34.Bxc7 Rh4 35.f4 g5 
36.g3 Rh5 37.a5 gxf4 38.a6 Rh8 39.a7 Kh7 40.Bb8 fxg3 41.hxg3 Nxg3 42.a8=Q 
Nf5 43.Qb7 f6 44.Bf4 Kg6 45.Qxc6 Rh4 46.Bc1 Nd4 47.Qe8+ Kh7 48.Kg2 Nf5 49.
Rxd5 Nh6 50.Bxh6 Rg4+ 51.Kf3 f5 52.Bxg7 Re4 53.Qh8+ Kg6 54.Bc3 Re3+ 55.
Kxe3 f4+ 56.Kxf4 Kf7 57.Qf6+ Ke8 58.Rd8# 1-0

[Event "Oldie Clash (2h/40)"]
[Site "Hannover"]
[Date "2016.12.31"]
[Round "14"]
[White "Krypton Regency"]
[Black "Mephisto MM II"]
[Result "1-0"]
[WhiteElo "1817"]
[BlackElo "1840"]
[EventDate "2013.06.21"]

1.d4 d5 2.Nf3 Nf6 3.c4 dxc4 4.e3 e6 5.Bxc4 c5 6.O-O a6 7.Qe2 b5 8.Bb3 Bb7 
{Letzter Buchzug Schwarz} 9.Rd1 {Letzter Buchzug Weiss} 9...cxd4 10.Nxd4 
Bd6 11.a4 Qc7 12.h3 bxa4 13.Bxa4+ Nbd7 14.Qc2 Qxc2 15.Bxc2 Bc7 16.Ba4 Bb6 
17.Nc6 Kf8 18.Nd4 Nc5 19.Bc2 Rc8 20.b4 Ncd7 21.Bd3 Nd5 22.Bxa6 Bxa6 23.
Rxa6 Bxd4 24.exd4 Nb8 25.Ra8 Nc7 26.Ra5 Nc6 27.Rc5 Nb8 28.Bf4 Nba6 29.Rdc1
Nxc5 30.Rxc5 Ke7 31.Bxc7 Kd7 32.Bf4 f6 33.Nc3 g5 34.Be3 Ra8 35.Ne4 Rhf8 
36.b5 Ra1+ 37.Rc1 Rxc1+ 38.Bxc1 Kc7 39.Ba3 Rf7 40.Bc5 Kb8 41.Nd6 Rg7 42.
Kf1 h5 43.Ne8 Rg6 44.Be7 f5 45.Nf6 Kb7 46.d5 exd5 47.Nxd5 g4 48.Bf6 Rg8 
49.b6 gxh3 50.gxh3 Ra8 51.Nf4 Kxb6 52.Nxh5 Kc5 53.Ng7 Kd5 54.h4 Rf8 55.Bg5
Rf7 56.Nh5 Ke4 57.Kg2 Ke5 58.Bf4+ Ke6 59.Ng3 Rb7 60.h5 Kf6 61.Ne2 Kg7 62.
Nd4 Kf6 63.Kf3 Rd7 64.Nc2 Rh7 65.h6 Kg6 66.Nd4 Ra7 67.Nc6 Ra3+ 68.Kg2 Kh7 
69.Ne7 Ra7 70.Bg5 Ra3 71.f3 Ra2+ 72.Kg3 Ra4 73.Nxf5 Rb4 74.f4 Rb1 75.Ne7 
Rc1 76.f5 Rd1 77.Kf2 Rh1 78.f6 Rb1 79.f7 Rb2+ 80.Kf3 Rb3+ 81.Kg4 Rb8 82.
Nc6 Rf8 83.Ne5 Rh8 84.Nd7 Kg6 85.f8=Q Rxf8 86.Nxf8+ Kf7 87.h7 Kg7 88.Kf5 
Kxf8 89.Kf6 Ke8 90.Ke6 Kf8 91.h8=Q# 1-0

[Event "Oldie Clash (2h/40)"]
[Site "Hannover"]
[Date "2016.12.31"]
[Round "15"]
[White "Mephisto MM II"]
[Black "Mephisto Rebell 5.0"]
[Result "0-1"]
[WhiteElo "1840"]
[BlackElo "1893"]
[EventDate "2013.06.21"]

1.e4 e5 2.Nf3 Nc6 3.Bb5 a6 4.Bxc6 dxc6 5.d4 exd4 6.Qxd4 {Letzter Buchzug 
Weiss} 6...Qxd4 7.Nxd4 c5 8.Nf3 Bg4 {Letzter Buchzug Schwarz} 9.Ne5 Be6 
10.O-O Nf6 11.Nc3 O-O-O 12.Bg5 Be7 13.Nd3 Bc4 14.Rfd1 Bxd3 15.cxd3 h6 16.
Be3 Ng4 17.Bf4 Bh4 18.g3 Bg5 19.Nd5 Bxf4 20.gxf4 c6 21.Nc3 Kc7 22.e5 h5 
23.Ne4 Rd5 24.Rac1 b6 25.a4 a5 26.Nd6 Nh6 27.h4 Rd8 28.d4 cxd4 29.Nb5+ Kb7
30.Nd6+ R5xd6 31.exd6 Nf5 32.Re1 Rxd6 33.Kh2 d3 34.Re5 g6 35.Re4 Nxh4 36.
Re7+ Ka6 37.Rxf7 c5 38.Rd1 c4 39.Kh3 Nf5 40.Rd2 Nd4 41.Rf8 Re6 42.Rd1 Re4 
43.Rf6 Re2 44.Rxg6 Rxb2 45.Rd6 Ne2 46.Rf1 c3 47.Kh4 c2 48.Rxd3 Rb1 49.Rd2 
Rxf1 50.Rxc2 Nxf4 51.Kg3 Nd3 52.Rd2 Nc5 53.Rd4 Ra1 54.Rh4 Nxa4 55.Rxh5 b5 
56.Kf4 Nb6 57.Ke5 b4 58.Rh3 a4 59.Kd4 a3 60.Rd3 Rc1 61.Rd2 b3 62.Rd3 Rb1 
63.Re3 a2 64.Ke4 a1=Q 65.Kf5 Re1 66.Rxb3 Qe5+ 67.Kg4 Qe4+ 68.Kg5 Qd5+ 69.
Kh4 Qxb3 0-1

[Event "Oldie Clash (2h/40)"]
[Site "Hannover"]
[Date "2016.12.31"]
[Round "15"]
[White "Novag Super Forte A"]
[Black "Krypton Regency"]
[Result "1-0"]
[WhiteElo "1963"]
[BlackElo "1817"]
[EventDate "2013.06.21"]

1.e4 e6 {Letzter Buchzug Schwarz} 2.d3 d5 3.Nd2 Nf6 4.Ngf3 {Letzter 
Buchzug Weiss} 4...dxe4 5.dxe4 Bc5 6.Bd3 Nbd7 7.Nb3 Bb4+ 8.c3 Bd6 9.O-O 
O-O 10.Qe2 c5 11.e5 Nxe5 12.Nxe5 Bxe5 13.Bxh7+ Kxh7 14.Qxe5 b6 15.Bg5 Ba6 
16.Rfd1 Qe7 17.Qf4 Bb7 ( {[Komodo 11.01 64-bit ] 25:+0.74} 17...Kg8 18.Re1
) 18.Qh4+ Kg8 19.Rd3 Rfe8 20.Rh3 Kf8 21.Qh8+ Ng8 22.Bxe7+ Rxe7 23.Rh7 f6 
24.Re1 e5 25.f4 e4 26.Nd2 Rae8 27.Nc4 Rd8 28.Ne3 Bc8 29.Rd1 Rxd1+ 30.Nxd1 
Bf5 31.Rh5 Bg6 32.Rh3 Bf5 33.Rg3 g5 34.fxg5 Rh7 35.Qxh7 Bxh7 36.g6 Bxg6 
37.Rxg6 Kf7 38.Rg4 f5 39.Rf4 Kf6 40.Kf2 Ke5 41.g3 Ne7 42.Ne3 b5 43.h4 b4 
44.cxb4 cxb4 45.b3 a6 46.Kg2 Ke6 47.Nxf5 Nxf5 48.Rxe4+ Kd5 49.Rxb4 Kc5 50.
Ra4 Kb5 51.Kh3 Nh6 52.g4 Nf7 53.h5 Ng5+ 54.Kg3 Kb6 55.Kf4 Ne6+ 56.Kf5 Nd8 
57.h6 Nf7 58.Kg6 Nxh6 59.Kxh6 1-0

[Event "Oldie Clash (2h/40)"]
[Site "Hannover"]
[Date "2016.12.31"]
[Round "15"]
[White "Saitek Simultano C"]
[Black "Mephisto Monte Carlo IV"]
[Result "0-1"]
[WhiteElo "1849"]
[BlackElo "1921"]
[EventDate "2013.06.21"]

1.c4 e5 2.Nc3 Nf6 3.Nf3 Nc6 4.e3 Bb4 5.Qc2 Bxc3 6.Qxc3 Qe7 {Letzter 
Buchzug Schwarz} 7.a3 d5 8.d4 {Letzter Buchzug Weiss} 8...exd4 9.Nxd4 Nxd4
10.Qxd4 dxc4 11.Bxc4 O-O 12.O-O c5 13.Qf4 a6 14.Rd1 b5 15.Ba2 Be6 16.Bxe6 
Qxe6 17.Bd2 Rae8 18.b4 c4 19.a4 Nd5 20.Qd4 Re7 21.axb5 axb5 22.Qc5 Rb8 23.
Ra5 Rc7 24.Qd4 Rd7 25.Ra7 Rxa7 26.Qxa7 Rc8 27.Qb7 c3 28.Bc1 Nxb4 29.Rd7 
Qa6 30.Qf3 Rf8 31.e4 Qa1 32.Rd1 c2 33.Rf1 Qb1 34.e5 Na2 35.Qa3 b4 36.Qe3 
b3 37.Bd2 Qxf1+ 38.Kxf1 b2 39.Ke2 b1=Q 40.f3 Rd8 41.Kf2 Qd1 42.Ba5 Rd4 43.
e6 c1=Q 44.Qxc1 Nxc1 45.e7 Qe2+ 46.Kg3 Qxe7 47.h3 Qe3 48.h4 Ne2+ 49.Kh3 
Qf2 50.f4 Qg3# 0-1

[Event "Oldie Clash (2h/40)"]
[Site "Hannover"]
[Date "2016.12.31"]
[Round "15"]
[White "Mephisto Mega IV"]
[Black "Fidelity Elite A/S Budapest"]
[Result "1-0"]
[WhiteElo "1907"]
[BlackElo "1706"]
[EventDate "2013.06.21"]

1.e4 e6 2.d4 d5 3.Nd2 c5 4.exd5 exd5 5.Ngf3 {Letzter Buchzug Weiss} 5...
Nc6 {Letzter Buchzug Schwarz} 6.dxc5 Bxc5 7.Nb3 Bb4+ 8.c3 Be7 9.Bf4 g5 10.
Bg3 f5 11.Bb5 Nf6 12.Nxg5 h6 13.Nf3 Bd7 14.O-O Qb6 15.Qd3 a6 16.Ba4 Rg8 
17.Bf4 Rg6 18.Bxc6 bxc6 19.Ne5 Rg7 20.Nxd7 Nxd7 21.Qxf5 Bg5 22.Rae1+ Kd8 
23.Nd4 Kc8 24.Re6 Kb7 25.Rxc6 Qxc6 26.Nxc6 Rf8 27.Qxd5 Bxf4 28.Nd8+ Kc8 
29.Ne6 Rfg8 30.Qc4+ Kb7 31.Nxg7 Rxg7 32.Qxf4 Rg6 33.Rd1 Rg7 34.Qd4 Nf6 35.
Qxf6 Rh7 36.Rd6 a5 37.Qf5 Rc7 38.Qb5+ Kc8 39.Qa6+ Rb7 40.Qa8+ Rb8 41.Qc6# 
1-0